00454nam a2200145 i 4500001000700000003000900007007000300016008004100019100002700060245011700087250001200204260003900216300002200255852003100277104768ES-MaACLt|051212s1970 mx ||||1| spa d1 aMiranda, Miguel Angel.13aLa enseñanza, con dibujos, del análisis e interpretación de estados financieros / cpor Miguel A. Miranda. a1ª ed. aMéxico, D.F. : bPatria, c1970. a241 p. ; c23 cm. aES-MaACLjE-9719 bR.93861